=LDR 00000nam 2200000 4500 =001 INLIS000000000049797 =005 20170330112714.0 =006 =007 =008 =020 ##$$a 979-676-743-0 =035 ##$$0010-031700000000242 =082 ##$$a 2x7.3 =090 ##$$a 2x7.3 int i =100 ##$$aAhmad Syafi'i Mufid =245 ##$$a Integritas Budi Pekerti dalam Pendidikan Agama Islam untuk kls 2 SMP =260 ##$$a Jakarta $b Yudistira $c 2002 =300 ##$$a 130hlm $b ilus $c 27 cm =850 ##$$a NBPNMAT =990 ##$$a 21602700/BPAP-NTB/2017